Statistics for Four Letter Place Names #2

Click here to take the quiz!

General Stats

  • This quiz has been taken 49,167 times
    (16,537 since last reset)
  • The average score is 17 of 22

Answer Stats

ClueAnswer% Correct
Capital of NorwayOslo
97%
Capital of UkraineKyiv
93%
"Strip" of Palestinian territoryGaza
89%
Mongolian desertGobi
87%
Country ruled by an ayatollahIran
87%
One of the Great LakesErie
86%
State home to eight U.S. presidentsOhio
86%
African country or common male first nameChad
85%
It's next to BeninTogo
82%
U.S. Pacific island territoryGuam
81%
Roman spa town of EnglandBath
77%
Sicilian volcanoEtna
77%
Third biggest city in FranceLyon
77%
Second biggest city in IrelandCork
72%
Most populous Hawaiian islandOahu
72%
California wine valleyNapa
71%
Cologne, in GermanKöln
70%
Capital of West Germany, 1945–1990Bonn
67%
Walled city of northern EnglandYork
64%
Roman name for France and surrounding areasGaul
62%
River forming part of the border
between Asia and Europe
Ural
46%
New Zealand mountain also called AorakiCook
33%

Score Distribution

Percentile by Number Answered

Percent of People with Each Score

Your Score History

You have not taken this quiz since the last reset